00871nam a2200241 a 450000100060000000300080000600500170001400800410003103500190007204000310009104100080012208200220013010000200015224501360017226000510030830000430035950400410040265100440044365100370048765100430052465100360056770000260060345598BD-RjUL20211209054036.0160727s1949 nyuab 001 0 eng  a(BD-RjUL)45716 aDLCcOTdDLCdBD-RjULbeng aeng 223a342bRAM 1949 aRanney, John C.10aMajor foreign powers :bthe governments of Great Britain, France, the Soviet Union and China /cJohn C. Ranney, Gwendolen M. Carter aNew York :bHarcourt, Brace and Company,c1949 axxix, 865 [cxLii] p. :bill. ;c25 cm. aIncludes bibliographical and index). 0aGreat BritainxPolitics and government. 0aFrancexPolitics and government. 0aSoviet UnionxPolitics and government. 0aChinaxPolitics and government. aCarter, Gwendolen M.